| 000 | 00494nam a2200169 i 4500 | ||
|---|---|---|---|
| 001 | bg | ||
| 100 | 1 | _aDĄBROWA-BAJON, Mirosława | |
| 245 | 0 |
_aAutomatyzacja sterowania ruchem kolejowym / _cM. Dąbrowa-Bajon, S. Apuniewicz, J. Sobolewski. T.1: Elementy i układy. |
|
| 260 |
_aWarszawa, _c1983. |
||
| 700 | 1 | _aAPUNIEWICZ, Sławomir | |
| 700 | 1 | _aSOBOLEWSKI, Jerzy | |
| 040 | _cBPK | ||
| 041 | _apol | ||
| 080 | _a656.2(075.8) | ||
| 942 | _cKS | ||
| 008 | s pl f |000 0 pol | ||
| 999 |
_c21689 _d21689 |
||
| 856 |
_uhttp://koha.tu.koszalin.pl/cgi-bin/koha/opac-detail.pl?biblionumber=21689 _yKatalog online BPK |
||